000 00646nam a2200277Ia 4500
005 20260324150844.0
008 008 260324s9999 xx 000 0 eng d
020 _a9781003632818
037 _aEBOOK
040 _aCRL
040 _beng
040 _cCRL
041 _2eng
041 _aeng
084 _qCRL
100 _aCharles Samuel Braden
_91227860
245 0 _aModern Tendencies in World Religions
260 _bTaylor and Francis
260 _c1933
365 _a
365 _b165
856 _uhttp://www.taylorfrancis.com/books/9781003632818
942 _cEBOOK
999 _c1838038
_d1838038